Musical Artists that start with "B" - Statistics

General Stats
  • This quiz has been taken 67 times
  • The average score is 14 of 31
Answer Stats
Song Musical Artist % Correct
Heart of Glass Blondie
83%
Love Shack The B-52's
75%
(You Gotta) Fight for Your Right (To Party) Beastie Boys
73%
Paperback Writer The Beatles
73%
Manic Monday The Bangles
71%
Night Fever Bee Gee's
69%
Wanted Dead or Alive Bon Jovi
66%
Wouldn't It Be Nice Beach Boys
64%
More than a Feeling Boston
61%
Loser Beck
59%
Don't Fear the Reaper Blue Oyster Cult
59%
Iron Man Black Sabbath
54%
Love is a Battlefield Pat Benatar
54%
Quit Playing Games (with My Heart) Backstreet Boys
51%
All the Smal Things Blink 182
51%
Where is the Love The Black Eyed Peas
51%
Suffragette City David Bowie
46%
Bad Company Bad Company
42%
Takin' Care of Business Bachman-Turner Overdrive
41%
One Week Barenaked Ladies
36%
Love Yourself Justin Bieber
36%
Friends in Low Places Garth Brooks
32%
Unwritten Natasha Bedingfield
29%
Lido Shuffle Boz Scaggs
20%
Remedy The Black Crowes
20%
I Heard a Rumour Bananarama
19%
When I See You Smile Bad English
12%
Day After Day Badfinger
10%
You & Me & The Bottle Make 3 Tonight (Baby) Big Bad Voodoo Daddy
3%
Lit Up Buckcherry
3%
Done The Band Perry
0%
No matching quizzes found
Score Distribution
Percent of People with Each Score
Percentile by Number Answered
Your Score History
You have not taken this quiz